000 00801nam a2200253Ia 4500
003 OSt
005 20220924124053.0
006 a|||||r|||| 00| 0
007 ta
008 220923b |||||||| |||| 00| 0 urd d
020 _a9788180421235 (hbk)
020 _c250
024 _a314975
037 _b5534/1, 06/03/2009, Modern Publishing House
_cTextual
040 _aARTS
_cARTS
_burd
041 _2urd
_aurd
082 _aO168,1N36:f, P8
100 _aMeher Sultana Ed.
_9194677
245 0 _aShair kokan
_b Arbab-e-ilm-o-fun ki nazar mein
260 _aNew Delhi
_b Modern Publishing House India
_c2008
650 _aURDU POETRY
942 _hO168,1N36:f, P8
_cTEXL
_2CC
999 _c418239
_d418239